00377pab a2200145 454500008004000000100002300040245005100063260000900114300000900123362001100132650002500143650002600168650001800194773001900212180718b1996 xxu||||| |||| 00| 0 eng d aPanagariya, Arvind aCurbing child labour: rugmark label on the mat c1996 ap.10 a14 Nov aChild labour - India aChild welfare - India aChild workers aTimes of India